| 000 | 00938cam a2200265 c 4500 | ||
|---|---|---|---|
| 001 | a5071588 | ||
| 003 | OSt | ||
| 005 | 20140829213002.0 | ||
| 008 | 110620s2002 esp spa | ||
| 020 | _a970-10-3599-2 | ||
| 040 |
_aSpMaBN _cBMC |
||
| 082 | _a612 | ||
| 100 | 1 |
_aGuyton, Arthur C. _9578 |
|
| 245 | 1 | 0 |
_aTratado de fisiología médica _cArthur C. Guyton, John E. Hall ; traducción, José Luis Agud Aparicio ... [et al.] ; revisión, José Manuel González de Buitrago, Ma. Jesús del Sol Jaquotot |
| 250 | _a10ª ed | ||
| 260 |
_aMéxico, D.F. [etc] _bMcGraw-Hill Interamericana _c2002 |
||
| 300 |
_aXXXI, 1280 p. _bil. col., gráf. _c28 cm |
||
| 500 | _aÍndice p. 1181-1280 | ||
| 650 | 2 | 4 |
_9580 _aFisiología humana |
| 700 | 1 |
_aHall, John E. _9579 |
|
| 700 | 1 |
_913374 _aGonzález de Buitrago, J. M. |
|
| 700 | 1 |
_98075 _aAgud Aparicio, José Luis |
|
| 700 | 1 |
_98087 _aSol Jaquotot, María Jesús del |
|
| 942 |
_2ddc _cBK |
||
| 999 |
_c6884 _d6884 |
||